000 00283nam a2200109Ia 4500
008 200302s9999 xx 000 0 und d
100 _aTim Parsons
245 _aThinking : objects contemporary approaches to product design
260 _bava Publishing
260 _c2009
300 _a208
999 _c6267
_d6267